| 000 | 00535nam a22001697a 4500 | ||
|---|---|---|---|
| 003 | CEME | ||
| 005 | 20210628210627.0 | ||
| 008 | 210105b xxu||||| |||| 00| 0 eng d | ||
| 040 | _c. | ||
| 082 | _a356.113 RIF | ||
| 100 |
_a Rifat Nadeem Ahmad _980249 |
||
| 245 | _aThe gallant one,war services of first battalion the baloch regiment | ||
| 260 |
_aRAWALPINDI _bHAMZA PARVAZ PRINTERS _c2012 |
||
| 300 | _a236P | ||
| 650 |
_aWAR SERVICES OF FIRST BATTALION THE BALOCH REGIMENT.BALOCH REGIMENT-WAR SERVICES. _980250 |
||
| 942 |
_cBK _2ddc |
||
| 999 |
_c585200 _d585200 |
||